00537nam a2200145Ia 4500008004100000041000800041082001600049100002200065245003700087260004100124300001400165906001700179999001700196952017800213220530s9999 xx 000 0 und d aeng a620.11bKHU aKhurmi R S955639 aStrength of Materials (SI Units) aNew DelhibS Chand Publicationc2011 a862 PbPB a118.13bMECH c50625d50625 001040708Mechanical EngineeringaCEWNbCEWNd2011-12-03eDhanwantari Books and Stationersg525.00o2942pCEWN-BK-2942r2022-05-30 00:00:00v406.87w2022-05-30yBKz002942